Loading...
| Science - Physics | 0 | 7 | 0 | 1 | 70 | 65 | 84.71 | 2 | 3 | 19.03 | 40.91 |
| History - Other | 0 | 5 | 0 | 1 | 50 | 67 | 87.60 | 0 | 1 | 12.10 | 23.99 |
| Science - Chemistry | 0 | 5 | 0 | 3 | 50 | 88 | 111.00 | 0 | 1 | 3.87 | 19.44 |
| Science - Other | 0 | 5 | 1 | 0 | 45 | 36 | 94.60 | 1 | 1 | 9.42 | 20.45 |
| Fine Arts - Classical Music | 0 | 4 | 0 | 0 | 40 | 51 | 83.75 | 1 | 4 | 13.32 | 29.06 |
| Social Science | 0 | 4 | 0 | 0 | 40 | 67 | 94.25 | 0 | 2 | 6.85 | 18.43 |
| History - American | 0 | 3 | 0 | 0 | 30 | 62 | 75.67 | 0 | 3 | 10.79 | 18.18 |
| History - European | 0 | 3 | 0 | 0 | 30 | 82 | 91.00 | 1 | 3 | 7.10 | 21.59 |
| Literature - American | 0 | 2 | 0 | 0 | 20 | 63 | 73.50 | 0 | 2 | 8.55 | 13.15 |
| Other Academic | 0 | 2 | 0 | 2 | 20 | 117 | 123.00 | 0 | 0 | 0.00 | 25.00 |
| Religion | 0 | 2 | 0 | 0 | 20 | 81 | 86.00 | 0 | 1 | 5.67 | 12.50 |
| Fine Arts - Visual | 0 | 2 | 0 | 0 | 20 | 74 | 105.50 | 1 | 1 | 4.11 | 11.36 |
| Fine Arts - Other | 0 | 2 | 0 | 0 | 20 | 75 | 98.50 | 1 | 1 | 4.63 | 10.23 |
| Pop Culture | 0 | 2 | 1 | 0 | 15 | 80 | 81.50 | 0 | 1 | 25.66 | 31.55 |
| History - World | 0 | 1 | 0 | 0 | 10 | 94 | 94.00 | 0 | 0 | 1.46 | 2.27 |
| Mythology | 0 | 1 | 0 | 0 | 10 | 96 | 96.00 | 0 | 0 | 2.53 | 3.41 |
| Philosophy | 0 | 1 | 0 | 1 | 10 | 106 | 106.00 | 0 | 1 | 1.19 | 6.06 |
| Geography/Current Events | 0 | 1 | 1 | 0 | 5 | 79 | 79.00 | 0 | 1 | 6.13 | 14.58 |